BABYMONSTER English Lyrics Quiz - Statistics

General Stats
  • This quiz has been taken 464 times
  • The average score is 11 of 14
Answer Stats
Answer % Correct
SHEESH
97%
BATTER UP
91%
CLIK CLAK
89%
FOREVER
87%
DRIP
84%
LIKE THAT
79%
Woke Up In Tokyo (Ruka & Asa)
79%
DREAM
74%
Really Like You
73%
Stuck In The Mıddle
72%
Love In My Heart
68%
Intro: MONSTERS
61%
Love, Maybe
60%
BILLIONARE
36%
No matching quizzes found
Score Distribution
Percent of People with Each Score
Percentile by Number Answered
Your Score History
You have not taken this quiz